|
|
|
|
| LEADER |
00000nab a2200000 a 4500 |
| 001 |
vtls000686192 |
| 003 |
SK-MaSNL |
| 005 |
20260304092008.0 |
| 008 |
250425c1998 xo 0 slo |
| 015 |
|
|
|a SNBRB1999/02-02908
|
| 035 |
|
|
|a CLN000038359
|
| 035 |
|
|
|a urn:nbn:sk:snk-abio5
|
| 035 |
|
|
|a (urnnbn)urn:nbn:sk:snk:ar-a03sas
|
| 035 |
|
|
|a (uuid)7a62ecb1-463f-437e-9961-96a5c898c779
|
| 040 |
|
|
|a SNKBUCL
|b slo
|c SNKBUCL
|e AACR2
|
| 041 |
0 |
|
|a slo
|
| 044 |
|
|
|a xo
|c SK
|
| 080 |
|
|
|a 614.91
|2 1997
|
| 080 |
|
|
|a 619:614.91
|2 1997
|
| 245 |
0 |
0 |
|a Formalín vo veterinárnej praxi
|c Ľ. Para ... [et al.]
|
| 300 |
|
|
|b Obr.
|
| 504 |
|
|
|a Res. angl., slov.
|
| 504 |
|
|
|a Bibliogr. odkazy
|
| 650 |
0 |
7 |
|a výroba živočíšna
|x dezinfekcia
|x formalín
|2 snkbucl
|9 1385104
|
| 650 |
0 |
7 |
|a dezinfekcia
|2 snkbucl
|9 2447
|
| 650 |
0 |
7 |
|a formaldehyd
|2 snkbucl
|9 18964
|
| 655 |
|
7 |
|a články z novín a časopisov
|2 snkbucl
|9 267496
|
| 700 |
1 |
|
|a Para, Ľudovít,
|d 1940-
|4 aut
|9 27264
|
| 700 |
1 |
|
|a Ondrašovič, Miloslav,
|d 1947-
|4 aut
|9 108842
|
| 700 |
1 |
|
|a Ondrašovičová, Oľga,
|d 1951-2014
|4 aut
|9 194466
|
| 700 |
1 |
|
|a Vargová, M.
|4 aut
|9 286671
|
| 773 |
0 |
|
|t Slovenský veterinársky časopis
|g Roč. 23, č. 6 (1998), s. 302-305
|x 1335-0099
|
| 850 |
|
|
|a Slovenská národná knižnica
|
| 852 |
|
|
|a Slovenská národná knižnica
|
| 954 |
|
|
|a odborná, vedecká literatúra pôvodná (slovenská)
|2 lita
|
| 958 |
|
|
|a article27
|
| 958 |
|
|
|a NB
|
| 958 |
|
|
|a OND
|
| 958 |
|
|
|a EUIPO
|
| 992 |
|
|
|a RBX
|
| 999 |
|
|
|c 2817708
|d 2819638
|